Statistics for Spanish football (soccer) La liga champions

Click here to take the quiz!

General Stats

  • This quiz has been taken 6,249 times
  • The average score is 7 of 9

Answer Stats

HintAnswer% Correct
32Real Madrid
100%
21Barcelona
99%
6Valencia
89%
9Atletico Madrid
88%
1Sevilla
82%
1Real Betis
60%
1Deportivo La Coruna
55%
2Real Sociedad
55%
8Athletic Bilbao
51%

Score Distribution

Percentile by Number Answered

Percent of People with Each Score

Your Score History

You have not taken this quiz